Nonlinear programming codes: information, tests, performance
-д хадгалсан:
| Үндсэн зохиолч: | |
|---|---|
| Формат: | Ном |
| Хэл сонгох: | англи |
| Хэвлэсэн: |
Berlín
Springer-Verlag
1980
|
| Цуврал: | Lecture Notes in Economics amd Mathematical Systems, 183
|
| Нөхцлүүд: | |
| Шошгууд: |
Шошго нэмэх
Шошго байхгүй, Энэхүү баримтыг шошголох эхний хүн болох!
|
MARC
| LEADER | 00000nam a2200000 a 4500 | ||
|---|---|---|---|
| 001 | UCP2222 | ||
| 003 | CL-VaPUC | ||
| 008 | 990507e19800000GW |||||||||||||||||eng|d | ||
| 082 | 0 | 4 | |a 519.76 |b SCH |2 21 |
| 100 | 0 | |a Schittkowski, Klaus |e author |9 428768 | |
| 245 | 1 | 0 | |a Nonlinear programming codes: information, tests, performance |
| 300 | |a 242 p | ||
| 942 | |c BK | ||
| 945 | |d 19990507 00:00:00 |a crobeson | ||
| 260 | |a Berlín |b Springer-Verlag |c 1980 | ||
| 650 | 0 | |a Programación no lineal |9 259385 | |
| 650 | 7 | |a METODOS DE OPTIMIZACION |2 CL-VaPUC |9 428769 | |
| 650 | 7 | |a PROGRAMAS DE OPTIMIZACION |2 CL-VaPUC |9 428770 | |
| 583 | |a last modification |c 19990507 00:00:00 |k Rodrigo Vera | ||
| 490 | 0 | |a Lecture Notes in Economics amd Mathematical Systems, 183 | |
| 999 | |c 280783 |d 280781 | ||
| 952 | |0 0 |1 0 |4 0 |6 519_760000000000000_SCH_1980 |7 0 |8 A |9 321284 |a BIBMAT |b BIBMAT |d 2019-11-20 |i 1344625 |o 519.76 SCH 1980 |p 1344625 |r 2025-01-07 |w 2019-11-20 |y BK |k MAT | ||